000 00677nam a2200241Ia 4500
003 OSt
005 20220927104055.0
006 a|||||r|||| 00| 0
007 ta
008 220926b |||||||| |||| 00| 0 eng d
024 _a87115
037 _cReference Collections
040 _aRTL
_cRTL
_beng
041 _2eng
_aeng
082 _a"Y:5231.1(X).N7, L8"
100 _aHawthorn Geoffrey Ed.
_9362681
245 0 _aPopulation and development
260 _aLondon
_bFrank Cass
_c1978
300 _a210p
_ccm.
650 _aFertility
_9362682
942 _h"Y:5231.1(X).N7, L8"
_cCC
999 _c685386
_d685386